000 00413cam a22001337a 4500
008 180718b2004 xxu||||| |||| 00| 0 eng d
020 _a8125033610
082 _aC41 Is3h
100 _aIshay, Micheline
245 _aHistory of human rights:from ancient times to the globalization era
_cBy Micheline R. Ishay
260 _aNew Delhi
_bOrient Blackswan
_c2004
300 _a458p.
650 _aHuman rights -- History
999 _c443452
_d443452